书目信息 |
| 题名: |
Readzone分级阅读
|
|
| 作者: | 鲍威尔 文 ;多德森 绘 ;布克听听 译 | |
| 分册: | 闹哄哄的书 | |
| 出版信息: | 北京 石油工业出版社 2021.06 |
|
| 页数: | 29页 | |
| 开本: | 21cm | |
| 丛书名: | ||
| 单 册: | ||
| 中图分类: | H319.4 | |
| 科图分类: | ||
| 主题词: | 英语--ying yu--儿童读物 | |
| 电子资源: | ||
| ISBN: | 978-7-5183-4367-6 | |
| 000 | 01185nam 2200265 450 | |
| 001 | 28456 | |
| 005 | 20221008211313.76 | |
| 010 | @a978-7-5183-4367-6@dCNY13.00 | |
| 100 | @a20220323d2021 bemy0chiy50 ea | |
| 101 | 2 | @achi@aeng@ceng |
| 102 | @aCN@b110000 | |
| 105 | @aa z 000yy | |
| 200 | 1 | @aReadzone分级阅读@AReadzone fen ji yue du@i闹哄哄的书@f(英) 吉利安·鲍威尔 ... [等] 文@g(英) 艾玛·多德森 ... [等] 绘@g布克听听译 |
| 210 | @a北京@c石油工业出版社@d2021.06 | |
| 215 | @a29页@c彩图@d21cm | |
| 300 | @a50词英文启蒙小故事 中英对照原版绘本 | |
| 330 | @a“Readzone分级阅读”系列是一套引进自英国的英语分级读物, 由一流的专业作家、插画家及阅读专家共同打造。该系列主题丰富, 语言生动, 画风多样, 插图精美, 贴近生活, 特别是有助于激发少儿的英语阅读兴趣、提升阅读能力。本书为1级知更鸟系列, 共15分册, 故事不超过50字 (单词) , 适合英语初读者。 | |
| 517 | 1 | @a闹哄哄的书@Anao hong hong de shu |
| 606 | 0 | @a英语@Aying yu@j儿童读物 |
| 690 | @aH319.4@v5 | |
| 701 | 1 | @a鲍威尔@Abao wei er@g(Powell, Jillian)@4文 |
| 702 | 1 | @a多德森@Aduo de sen@g(Dodson, Emma)@4绘 |
| 712 | 02 | @a布克听听@Abu ke ting ting@4译 |
| 801 | 0 | @aCN@c20220910 |
| 905 | @a河南城建学院图书馆@dH319.4@eB307:8@f1 | |
| Readzone分级阅读.闹哄哄的书/(英) 吉利安·鲍威尔 ... [等] 文/(英) 艾玛·多德森 ... [等] 绘/布克听听译.-北京:石油工业出版社,2021.06 |
| 29页:彩图;21cm |
| 50词英文启蒙小故事 中英对照原版绘本 |
| ISBN 978-7-5183-4367-6:CNY13.00 |
| “Readzone分级阅读”系列是一套引进自英国的英语分级读物, 由一流的专业作家、插画家及阅读专家共同打造。该系列主题丰富, 语言生动, 画风多样, 插图精美, 贴近生活, 特别是有助于激发少儿的英语阅读兴趣、提升阅读能力。本书为1级知更鸟系列, 共15分册, 故事不超过50字 (单词) , 适合英语初读者。 |
| ● |
| 相关链接 |
|
|
|
正题名:Readzone分级阅读
索取号:H319.4/B307:8
 
预约/预借
| 序号 | 登录号 | 条形码 | 馆藏地/架位号 | 状态 | 备注 |
| 1 | 1581474 | 215814741 | 语言库209/209语言库 44排1列5层/ [索取号:H319.4/B307:8] | 在馆 |